1219 1535 1701 1033 1075 1226 1886 1862 1801 1821 1092 1599 1332 1512 1318 1999 1257 1733 1356 1699 1364 1024 1951 1747 1784 1332 1061 1002 1429 1749 1326 1285 1280 1542 1785 1068 1166 1399 1979 1868 1713 1639 1131 1168 1156 1308 1665 1067 1611 1581 1851 1544 1743 1133 1088 1484 1201 1576 1766 1893 1662 1405 1794 1272 1082 1800 1503 1949 1287 1967 1082 1177 1575 1616 1499 1262 1709 1488 1141 1907 1613 1155 1050 1361 1185 1714 1779 1551 1646 1694 1676 1305 1625 1888 1554 1989 1501 1282 1247 BCNSPRNW ULIB Ver.6.0+V

เปลี่ยนเป็นภาษาไทย

Change to English
 แสดงรายละเอียดบรรณานุกรม
  กลับหน้าหลัก

Brief Record : Get Marc (ISO 2709) : E-mail record : QR code < ปิดหน้าต่าง
LEADER : 00000nam 2200000uu 4500
001    13399114434
003     ULIB
008    110627s||||||||th 000 0 tha d
020    9747319608
098    นว.^bม162ล
100 0  มนันยา
245 00 ลับลมคมนอก/^cมนันยา
250    พิมพ์ครั้งที่ 1
260    กรุงเทพฯ :^bสามสี,^c2544
300    216 หน้า
710 1  สามสี
945    ^p100^l0^i031544
995    ทศพร
999 ^a ใช้งานได้ทุกระบบ
รายการนี้ยังไม่มีแท็ก
คุณยังไม่ได้ล็อกอิน คุณสามารถมีกิจกรรมร่วมกับเว็บไซต์ได้ แต่ต้องล็อกอินก่อน ::
  ล็อกอิน

รายการสื่อสารสนเทศ

ลำดับที่ ประเภท เลขเรียก/บาร์โค้ด สถานที่ สถานะ
1. นวนิยาย
นวนิยาย
 ฉ.1 
  Barcode: 031544
ห้องสมุดวิทยาเขตสวรรค์ประชารักษ์
►นวนิยาย
บนชั้น
  ขอยืม

รายการใกล้เคียง
    ผู้แต่ง [มนันยา]

BibComment


ยังไม่เคยถูกคอมเมนท์

คอมเมนท์ทรัพยากรรายการนี้
  คอมเมนท์: ลับลมคมนอก มนันยา


 Copyright 2026. Bcnsprnw @Library